000 00762nam a2200265Ia 4500
003 OSt
005 20220925204916.0
006 a|||||r|||| 00| 0
007 ta
008 220923b |||||||| |||| 00| 0 eng d
037 _cGeneral Book
040 _aRTL
_cRTL
_beng
041 _2eng
_aeng
082 _aY9(L), L6
100 _aGrollig Francis X
_9269255
245 0 _aMedical anthropology
260 _aHague
_bMouton
_c1976
300 _axvii, 485p
_ccm.
490 _aWorld Anthropology .Ed by Sol Tax
500 _aBibiliography chapterwise
650 _aSociology of Medicine
700 _a Haley Harold B Ed.
_9269256
942 _hY9(L), L6
_cGB
_2CC
999 _c550767
_d550767